Определение характеристик и условий процессов зажигания частиц влажного угля совместно с древесной биомассой; Бутаковские чтения

書誌詳細
Parent link:Бутаковские чтения.— 2024.— С. 178-180
第一著者: Омаров А. А.
その他の著者: Косторева Ж. А. Жанна Андреевна (научный руководитель), Сыродой С. В. Семен Владимирович, Кузнецов Г. В. Гений Владимирович
要約:Текстовый файл
言語:ロシア語
出版事項: 2024
主題:
オンライン・アクセス:http://earchive.tpu.ru/handle/11683/85001
フォーマット: 電子媒体 図書の章
KOHA link:https://koha.lib.tpu.ru/cgi-bin/koha/opac-detail.pl?biblionumber=678918

MARC

LEADER 00000naa2a2200000 4500
001 678918
005 20260126150608.0
090 |a 678918 
100 |a 20250303d2024 k||y0rusy50 ca 
101 0 |a rus 
102 |a RU 
135 |a drcn ---uucaa 
200 1 |a Определение характеристик и условий процессов зажигания частиц влажного угля совместно с древесной биомассой  |f А. А. Омаров, Ж. А. Косторева, С. В. Сыродой   |g науч. рук. Г. В. Кузнецов 
283 |2 RDAcarrier 
320 |a Список литературы: 6 назв 
336 |a Текстовый файл 
463 1 |0 678854  |9 678854  |t Бутаковские чтения  |o сборник статей IV Всероссийской с международным участием молодёжной конференции, 10-12 декабря 2024 г., Томск  |n Изд-во ТПУ  |c Томск  |d 2024  |a Ивашутенко, А. С. (специалист в области электротехники ; 1981-)  |u conference_tpu-2024-C133.pdf  |v С. 178-180 
545 1 |a Теплофизические аспекты энергетических технологий 
610 1 |a труды учёных ТПУ 
610 1 |a электронный ресурс 
610 1 |a зажигание 
610 1 |a влажный уголь 
610 1 |a древесная биомасса 
700 1 |a Омаров  |b А. А. 
701 1 |a Косторева  |b Ж. А.  |c специалист в области теплоэнергетики  |c инженер Томского политехнического университета  |f 1994-  |g Жанна Андреевна  |y Томск  |9 22103 
701 1 |a Сыродой  |b С. В.  |c специалист в области теплотехники  |c профессор Томского политехнического университета, доктор технических наук  |f 1988-  |g Семен Владимирович  |9 17231 
702 1 |a Кузнецов  |b Г. В.  |c специалист в области теплоэнергетики  |c профессор Томского политехнического университета, доктор физико-математических наук  |f 1949-  |g Гений Владимирович  |4 727 
801 0 |a RU  |b 63413507  |c 20250303 
850 |a 63413507 
856 4 |u http://earchive.tpu.ru/handle/11683/85001  |z http://earchive.tpu.ru/handle/11683/85001 
942 |c CF